| 000 | 00476nam a22001697a 4500 | ||
|---|---|---|---|
| 999 |
_c478347 _d478347 |
||
| 003 | NUST | ||
| 005 | 20180522064651.0 | ||
| 008 | 180522b ||||| |||| 00| 0 eng d | ||
| 020 | _a9788126516111 | ||
| 082 | _a512.7 | ||
| 100 |
_aIvan Niven< Herbert S. Zuckerman _910439 |
||
| 245 |
_aAn Introduction to The Theory of Numbers _cIvan Niven< Herbert S. Zuckerman |
||
| 250 | _a5th ed. | ||
| 260 |
_aNew Delhi _bWiley _c1960 |
||
| 300 |
_a529 p. _bPb. |
||
| 942 |
_2ddc _cBK |
||